1311 1180 1983 1270 1927 1133 1201 1633 1834 1723 1014 1878 1730 1906 1936 1578 1517 1198 1518 1953 1795 1577 1256 1981 1691 1906 1163 1656 1832 1231 1635 1013 1568 1651 1682 1530 1688 1473 1317 1034 1157 1714 1724 1214 1932 1323 1255 1719 1549 1909 1973 1708 1546 1606 1634 1871 1581 1112 1954 1861 1773 1453 1520 1851 1541 1300 1198 1175 1188 1607 1421 1615 1062 1307 1053 1903 1350 1854 1527 1939 1464 1582 1247 1407 1539 1258 1492 1963 1600 1571 1436 1480 1828 1656 1038 1423 1835 1164 1763 BCNSPRNW ULIB Ver.6.0+V

เปลี่ยนเป็นภาษาไทย

Change to English
 แสดงรายละเอียดบรรณานุกรม
  กลับหน้าหลัก

Brief Record : Get Marc (ISO 2709) : E-mail record : QR code < ปิดหน้าต่าง
LEADER : 00000nam 2200000uu 4500
001    13399121851
003     ULIB
008    121212s2551||||th 000 0 tha d
020    ^a9789743838972(ล.7)
060 04 ^aWO100^bพ291ศ ล.7
245 00 ^aศัลยศาสตร์ทั่วไป.^nเล่ม 7,^pCurrent problems in surgery/^cคณะบรรณาธิการ, พรพรหม เมืองแมน ... [และคนอื่นๆ]
246 30 ^aศัลยศาสตร์ทั่วไป
246 30 ^aCurrent problems in surgery
250    ^aพิมพ์ครั้งที่ 1
260    ^aกรุงเทพฯ :^bโฆษิตการพิมพ์,^c2551
300    ^a362 หน้า :^bภาพประกอบ ;^c22 ซม.
500 หน ^aังสือประกอบการประชุมวิชาการของสมาคมศัลยแพทย์ทั่วไปแห่งประเทศไทย ในพระบรมราชูปถัมภ์ ประจำปี 2551 ครั้งที่ 7 เรื่อง " Tips & techniques in operative surgery" วันที่ 19-21 พฤศจิกายน 2551 ณ อาคารเฉลิมพระบารมี 50 ปี
650  7 ^aศัลยศาสตร์
650  7 ^aศัลยกรรม^vรวมเรื่อง
653    ^aผลงานอาจารย์คณะแพทยศาสตร์ศิริราชพยาบาล
700 0  ^aพรพรหม เมืองแมน,^eบรรณาธิการ
945    ^p750^l0^i16499
995    ^aทศพร
999    ^aทศพร เกษรทอง
รายการนี้ยังไม่มีแท็ก
คุณยังไม่ได้ล็อกอิน คุณสามารถมีกิจกรรมร่วมกับเว็บไซต์ได้ แต่ต้องล็อกอินก่อน ::
  ล็อกอิน

รายการสื่อสารสนเทศ

ลำดับที่ ประเภท เลขเรียก/บาร์โค้ด สถานที่ สถานะ
- ไม่พบข้อมูล -

รายการใกล้เคียง
    หัวเรื่อง [ศัลยศาสตร์]

BibComment


ยังไม่เคยถูกคอมเมนท์

คอมเมนท์ทรัพยากรรายการนี้
  คอมเมนท์: ศัลยศาสตร์ทั่วไป..


 Copyright 2026. Bcnsprnw @Library